00912nam a2200217 a 450000100100000000500170001000800410002702000150006804000250008308200150010810000360012324500960015926000720025530000510032749000240037850000740040270000570047683000310053395201130056499900170067700004159920201002035647.0131011s2001 sp a 000 0 spa d a8400036298 aDO-SdBNPbspacBNPHU axxxbC824L1 aCorrea Ramón, Amelina.96837113aEl Libro Popular /cAmelina Correa Ramón ; prólogo Alberto Sánchez Álvarez-Insúa. aMadrid :bConsejo Superior de Investigaciones Científicas,c2001. a258 p. :bil.,+ 1 CD-ROM (4 3/4 in.) ;c22 cm.1 aLiteratura brevev7 aIncluye referencias bibliográficas y notas al pie de las pàginas.1 aSánchez Álvarez-Insúa, Albertoepról.915089 0aLiteratura breven7968372 001050718MOaGRbGRcCTd2013-10-11iLF1l0oxxx C824Lp41599-10r2020-06-25w2020-06-25y1ZNo se presta c41089d41089